Advances in coastal and ocean engineering
Αποθηκεύτηκε σε:
| Άλλοι συγγραφείς: | |
|---|---|
| Μορφή: | Βιβλίο |
| Γλώσσα: | English |
| Δημοσίευση: |
Singapore :
World Scientific,
1995-2002
|
| Θέματα: | |
| Ετικέτες: |
Προσθήκη ετικέτας
Δεν υπάρχουν, Καταχωρήστε ετικέτα πρώτοι!
|
MARC
| LEADER | 00000nam a2200000 i 4500 | ||
|---|---|---|---|
| 001 | 1/83576 | ||
| 008 | 080423m19952002 eng d | ||
| 020 | |a 981-02-3016-8 (τ.3) | ||
| 020 | |a 981-02-3859-2 (τ.5) | ||
| 020 | |a 981-02-4620-X (τ.7) | ||
| 020 | |a 981-02-2410-9 (τ.2) | ||
| 020 | |a 981-02-3310-8 (τ.4) | ||
| 020 | |a 981-02-4136-4 (τ.6) | ||
| 020 | |a 981-02-4952-7 (τ.8) | ||
| 020 | |a 981-02-1824-9 (τ.1) | ||
| 035 | |l 10096963 | ||
| 040 | |a GR-MY-UA |b gre |e aacr | ||
| 041 | 0 | |a eng | |
| 082 | 0 | |a 627.58 |2 (22) | |
| 245 | 1 | 0 | |a Advances in coastal and ocean engineering / |c editor, Philip L.-F. Liu |
| 260 | |a Singapore : |b World Scientific, |c 1995-2002 | ||
| 300 | |a τ.; |b εικ.; |c 22 εκ. | ||
| 504 | |a Περιέχει βιβλιογραφικές παραπομπές | ||
| 505 | 0 | |a τ. 8. Interaction of strong turbulence with free surfaces | |
| 650 | 0 | 0 | |a Coastal engineering. |
| 650 | 0 | 0 | |a Ocean engineering. |
| 700 | 1 | |a Liu, Philip L. F. |4 edt | |
| 852 | |a INST |b LESVOS |e 20080423 |h 627.58 ADV |p 005100039677 |q 005100039677 |t BK |y 0 |z τ.3 | ||
| 852 | |a INST |b LESVOS |e 20080423 |h 627.58 ADV |p 005100039678 |q 005100039678 |t BK |y 0 |z τ.5 | ||
| 852 | |a INST |b LESVOS |e 20080423 |h 627.58 ADV |p 005100039679 |q 005100039679 |t BK |y 0 |z τ.7 | ||
| 852 | |a INST |b LESVOS |e 20090410 |h 627.58 ADV |p 005100039902 |q 005100039902 |t BK |y 0 |z τ.1 | ||
| 852 | |a INST |b LESVOS |e 20080620 |h 627.58 ADV |p 005100042251 |q 005100042251 |t BK |y 0 |z τ.8 | ||
| 852 | |a INST |b LESVOS |e 20080620 |h 627.58 ADV |p 005100042252 |q 005100042252 |t BK |y 0 |z τ.6 | ||
| 852 | |a INST |b LESVOS |e 20080620 |h 627.58 ADV |p 005100042253 |q 005100042253 |t BK |y 0 |z τ.4 | ||
| 852 | |a INST |b LESVOS |e 20080620 |h 627.58 ADV |p 005100042254 |q 005100042254 |t BK |y 0 |z τ.2 | ||
| 852 | |a INST |b LESVOS |e 20081217 |h 627.58 ADV |p 005100043717 |q 005100043717 |t BK |y 0 |z τ.2 | ||
| 852 | |a INST |b LESVOS |e 20081217 |h 627.58 ADV |p 005100043718 |q 005100043718 |t BK |y 0 |z τ.4 | ||
| 852 | |a INST |b LESVOS |e 20081217 |h 627.58 ADV |p 005100043719 |q 005100043719 |t BK |y 0 |z τ.5 | ||
| 852 | |a INST |b LESVOS |e 20081217 |h 627.58 ADV |p 005100043720 |q 005100043720 |t BK |y 0 |z τ.6 | ||
| 852 | |a INST |b LESVOS |e 20081217 |h 627.58 ADV |p 005100043721 |q 005100043721 |t BK |y 0 |z τ.8 | ||
| 852 | |a INST |b LESVOS |e 20081217 |h 627.58 ADV |p 005100043722 |q 005100043722 |t BK |y 0 |z τ.7 | ||
| 852 | |a INST |b LESVOS |e 20081217 |h 627.58 ADV |p 005100043723 |q 005100043723 |t BK |y 0 |z τ.3 | ||
| 852 | |a INST |b LESVOS |e 20080423 |h 627.58 ADV |p 005100039677 |q 005100039677 |t BK |v τ.3: |y 0 |z τ.3 | ||
| 852 | |a INST |b LESVOS |e 20080423 |h 627.58 ADV |p 005100039678 |q 005100039678 |t BK |v τ.5: |y 0 |z τ.5 | ||
| 852 | |a INST |b LESVOS |e 20080423 |h 627.58 ADV |p 005100039679 |q 005100039679 |t BK |v τ.7: |y 0 |z τ.7 | ||
| 852 | |a INST |b LESVOS |e 20090410 |h 627.58 ADV |p 005100039902 |q 005100039902 |t BK |v τ.1: |y 0 |z τ.1 | ||
| 852 | |a INST |b LESVOS |e 20080620 |h 627.58 ADV |p 005100042251 |q 005100042251 |t BK |v τ.8: |y 0 |z τ.8 | ||
| 852 | |a INST |b LESVOS |e 20080620 |h 627.58 ADV |p 005100042252 |q 005100042252 |t BK |v τ.6: |y 0 |z τ.6 | ||
| 852 | |a INST |b LESVOS |e 20080620 |h 627.58 ADV |p 005100042253 |q 005100042253 |t BK |v τ.4: |y 0 |z τ.4 | ||
| 852 | |a INST |b LESVOS |e 20080620 |h 627.58 ADV |p 005100042254 |q 005100042254 |t BK |v τ.2: |y 0 |z τ.2 | ||
| 852 | |a INST |b LESVOS |e 20081217 |h 627.58 ADV |p 005100043717 |q 005100043717 |t BK |v τ.2: |y 0 |z τ.2 | ||
| 852 | |a INST |b LESVOS |e 20081217 |h 627.58 ADV |p 005100043718 |q 005100043718 |t BK |v τ.4: |y 0 |z τ.4 | ||
| 852 | |a INST |b LESVOS |e 20081217 |h 627.58 ADV |p 005100043719 |q 005100043719 |t BK |v τ.5: |y 0 |z τ.5 | ||
| 852 | |a INST |b LESVOS |e 20081217 |h 627.58 ADV |p 005100043720 |q 005100043720 |t BK |v τ.6: |y 0 |z τ.6 | ||
| 852 | |a INST |b LESVOS |e 20081217 |h 627.58 ADV |p 005100043721 |q 005100043721 |t BK |v τ.8: |y 0 |z τ.8 | ||
| 852 | |a INST |b LESVOS |e 20081217 |h 627.58 ADV |p 005100043722 |q 005100043722 |t BK |v τ.7: |y 0 |z τ.7 | ||
| 852 | |a INST |b LESVOS |e 20081217 |h 627.58 ADV |p 005100043723 |q 005100043723 |t BK |v τ.3: |y 0 |z τ.3 | ||
| 853 | |a INST |b LESVOS |h 627.58 ADV | ||
| 901 | |a BIBL1-2008-1 | ||
| 901 | |a BIBL1-2008-2 | ||
| 901 | |a BIBL1-2008-3 | ||
| 901 | |a BIBL1-2009-1 | ||
| 909 | |a Λ |b 151180 | ||
| 909 | |a Λ |b 151181 | ||
| 909 | |a Λ |b 151182 | ||
| 909 | |a Λ |b 152043 | ||
| 909 | |a Λ |b 152044 | ||
| 909 | |a Λ |b 152045 | ||
| 909 | |a Λ |b 152046 | ||
| 909 | |a Λ |b 157567 | ||
| 909 | |a Λ |b 157568 | ||
| 909 | |a Λ |b 157569 | ||
| 909 | |a Λ |b 157570 | ||
| 909 | |a Λ |b 157571 | ||
| 909 | |a Λ |b 157572 | ||
| 909 | |a Λ |b 157573 | ||
| 920 | |a ΕΠΕΑΕΚ ΠΜΣ ΔΙΑΧΕΙΡΙΣΗ ΠΑΡΑΚΤΙΩΝ ΠΕΡΙΟΧΩΝ |y ΛΕΣΒΟΣ |z 2008-12 | ||
| 922 | |a 1ΕΛΗ |b 200803 |c ΕΠΕΑΕΚ2/ΤΕΘ |d ΠΑΠΑΣΩΤΗΡΙΟΥ | ||
| 922 | |a 1ΕΛΗ |b 200803 |c ΕΠΕΑΕΚ2/ΤΕΘ |d ΕΛΕΥΘΕΡΟΥΔΑΚΗΣ | ||
| 922 | |a 1ΕΛΗ |b 200811 |c ΕΠΕΑΕΚ2/ΤΕΘ |d ΜΙΧΑΛΟΠΟΥΛΟΣ | ||
| 970 | |a ΚΑΡΑ |b ΓΙΑΣΕΜΗ |z 2008/04/23 | ||